NDU-K Library Catalogue

Girl in a jacket 

Nonprofit sustainability : (Record no. 23690)

MARC details
000 -LEADER
fixed length control field 02167cam a22004214a 4500
001 - CONTROL NUMBER
control field 16303502
003 - CONTROL NUMBER IDENTIFIER
control field OSt
005 - DATE AND TIME OF LATEST TRANSACTION
control field 20260414115236.0
008 - FIXED-LENGTH DATA ELEMENTS--GENERAL INFORMATION
fixed length control field 100625s2010 caua b 001 0 eng
010 ## - LIBRARY OF CONGRESS CONTROL NUMBER
LC control number 2010026640
015 ## - NATIONAL BIBLIOGRAPHY NUMBER
National bibliography number GBB086157
Source bnb
016 7# - NATIONAL BIBLIOGRAPHIC AGENCY CONTROL NUMBER
Record control number 015605716
Source Uk
020 ## - INTERNATIONAL STANDARD BOOK NUMBER
International Standard Book Number 9780470598290
Qualifying information pbk.
020 ## - INTERNATIONAL STANDARD BOOK NUMBER
International Standard Book Number 0470598298
Qualifying information pbk.
035 ## - SYSTEM CONTROL NUMBER
System control number 16303502
035 ## - SYSTEM CONTROL NUMBER
System control number (OCoLC)610832544
040 ## - CATALOGING SOURCE
Original cataloging agency DLC
Transcribing agency DLC
Modifying agency BTCTA
-- UKM
-- YDXCP
-- C#P
-- CDX
-- DLC
042 ## - AUTHENTICATION CODE
Authentication code pcc
050 00 - LIBRARY OF CONGRESS CALL NUMBER
Classification number HD62.6
Item number .B45 2010
100 1# - MAIN ENTRY--PERSONAL NAME
Personal name Bell, Jeanne,
Dates associated with a name 1969-
245 10 - TITLE STATEMENT
Title Nonprofit sustainability :
Remainder of title making strategic decisions for financial viability /
Statement of responsibility, etc. Jeanne Bell, Jan Masaoka, Steve Zimmerman.
250 ## - EDITION STATEMENT
Edition statement 1st ed.
260 ## - PUBLICATION, DISTRIBUTION, ETC.
Place of publication, distribution, etc. San Francisco :
Name of publisher, distributor, etc. Jossey-Bass,
Date of publication, distribution, etc. c2010.
300 ## - PHYSICAL DESCRIPTION
Extent xii, 191 p. :
Other physical details ill. ;
Dimensions 24 cm.
336 ## - CONTENT TYPE
Content type term text
Content type code txt
Source rdacontent
337 ## - MEDIA TYPE
Media type term unmediated
Media type code n
Source rdamedia
338 ## - CARRIER TYPE
Carrier type term volume
Carrier type code nc
Source rdacarrier
504 ## - BIBLIOGRAPHY, ETC. NOTE
Bibliography, etc. note Includes bibliographical references and index.
520 ## - SUMMARY, ETC.
Summary, etc. "This book is written for nonprofit executives and board members who want effective design strategies that combine financial and programmatic realities to put together a mix that will deliver the highest impact with the highest financial sustainability. It offers an understanding of the concept of an organization-wide business plan and be includes specific, step-by-step tools to help them develop, modify, and adopt plans. The book includes analyses of various earned income types, fundraising income types, and quantitative tools for analysis. The innovative Matrix Map identifies five archetypal business strategies for organizations"--
Assigning source Provided by publisher.
650 #0 - SUBJECT ADDED ENTRY--TOPICAL TERM
Topical term or geographic name entry element Nonprofit organizations
General subdivision Finance.
650 #0 - SUBJECT ADDED ENTRY--TOPICAL TERM
Topical term or geographic name entry element Nonprofit organizations
General subdivision Management.
700 1# - ADDED ENTRY--PERSONAL NAME
Personal name Masaoka, Jan.
700 1# - ADDED ENTRY--PERSONAL NAME
Personal name Zimmerman, Steve,
Dates associated with a name 1970-
906 ## - LOCAL DATA ELEMENT F, LDF (RLIN)
a 7
b cbc
c orignew
d 1
e ecip
f 20
g y-gencatlg
942 ## - ADDED ENTRY ELEMENTS (KOHA)
Source of classification or shelving scheme Library of Congress Classification
Koha item type Normal Collection
Suppress in OPAC No
Holdings
Withdrawn status Lost status Source of classification or shelving scheme Damaged status Not for loan Home library Current library Date acquired Inventory number Total Checkouts Full call number Barcode Date last seen Price effective from Koha item type
    Library of Congress Classification     International Peace Support Training Centre (IPSTC) International Peace Support Training Centre (IPSTC) 14/04/2026 1444/2012   HD62.6 .B45 2010 200114442012 14/04/2026 14/04/2026 Normal Collection
Copyright © 2026 [National Defence University - Kenya]. All rights reserved.